000 01207nam a22003977a 4500
001 0000544
003 KOHA_MİRAKIL
005 20260207001213.0
007 ta
008 081212b2001 tu a|||gr||||#0|||0|tur |
020 _a9754868926
_cYTL26,69
040 _aTR-BiSEU
_btur
_cTR-BiSEU
_erda
041 0 _atur
044 _ctu
050 _aTK5105.8885
_b.K37 2001
100 1 _aKarahoca, Adem.
245 1 _aASP ile web programcılığına giriş/
_cAdem Karahoca ; Adem Karahoca.
250 _a3. bs.
264 1 _aİstanbul :
_bBeta
_c2001
300 _a496 sayfa :
_bresimli
336 _ametin
_btxt
_2rdacontent
337 _aaracısız
_bn
_2rdamedia
338 _acilt
_bnc
_2rdacarrier
490 1 _aBeta Yayınları ;929.
490 1 _aBilgisayar Dizisi ;184.
650 0 _aWeb sites--Tasarım.
_91523
650 0 _aWeb sitesi geliştirme.
_91524
650 0 _aWeb siteleri--Yazılım programları.
_91525
650 0 _aWeb sites--Design.
_91526
650 0 _aWeb sites development.
_91527
650 0 _aWeb sites--Authoring programs.
_91528
830 1 _aBeta Yayınları ;929.
_92784
830 1 _aBilgisayar Dizisi ;184.
_92785
907 _aBilgisayar
942 _2lcc
_cBK
999 _c545
_d545